| 000 | 00621nam a2200157 4500 | ||
|---|---|---|---|
| 008 | 180105b xxu||||| |||| 00| 0 eng d | ||
| 082 |
_21988 _aDC 346.0437 _bF91 |
||
| 100 |
_925575 _aFriedman, Ronald M., author. |
||
| 245 |
_aPennsylvania landlord-tenant law and practice : _b law, practice, checklists, forms / _cRonald M Friedman. |
||
| 260 |
_aPhiladelphia, Pa. : _bG.T. Bisel Co., _c©1988. |
||
| 300 |
_awith multiple pages ; _c24 cm. |
||
| 500 | _aIncludes bibliographical references and index. | ||
| 650 | 0 |
_925576 _aLandlord and tenant _xPennsylvania. |
|
| 650 | 0 |
_925577 _aLeases _xPennsylvania. |
|
| 942 |
_2ddc _cDC |
||
| 999 |
_c8265 _d8265 |
||